000 002650000a22000970004500
100 1 _aBonilla A., Plutarco
245 1 0 _aLa interpretación parabólica del milagro
300 _aVol. 9, Núm 15 (2001), Páginas 73-99
773 0 _tTextos para la acción
942 _cANA
999 _c53141
_d53141